Latentná ekonomika kultúrnej výmeny au pair
Fenomén kultúrnej výmeny au pair. Legislatívne vymedzenia au pair. Systémové predpoklady zamestnávania au pair. Východná Európa - nový zdroj au pair. Destinácie slovenských au pair. Typológia au pair.
Enregistré dans:
| Auteur principal: | |
|---|---|
| Format: | Chapitre de livre |
| Langue: | slovaque |
| Sujets: | |
| Tags: |
Pas de tags, Soyez le premier à ajouter un tag!
|
MARC
| LEADER | 00000naa$a2200000$$$4500 | ||
|---|---|---|---|
| 001 | 0034887 | ||
| 005 | 20231102115808.8 | ||
| 041 | 0 | |a slo | |
| 044 | |a SK | ||
| 245 | 1 | 0 | |a Latentná ekonomika kultúrnej výmeny au pair |c Miloslav Bahna |
| 520 | |a Fenomén kultúrnej výmeny au pair. Legislatívne vymedzenia au pair. Systémové predpoklady zamestnávania au pair. Východná Európa - nový zdroj au pair. Destinácie slovenských au pair. Typológia au pair. | ||
| 610 | 2 | 0 | |a práca v zahraničí |
| 610 | 2 | 0 | |a sily pracovné |
| 610 | 2 | 0 | |a pobyt cudzincov |
| 610 | 2 | 0 | |a mobilita sociálna |
| 610 | 2 | 0 | |a Európa |
| 610 | 2 | 0 | |a Veľká Británia |
| 610 | 2 | 0 | |a krajiny vyspelé |
| 610 | 2 | 0 | |a zamestnávanie cudzincov |
| 610 | 2 | 0 | |a Slovensko |
| 100 | 1 | |a Bahna, Miloslav | |